000 01019cam a22003497 4500
001 426155
003 DO-SdBNP
005 20230315113830.0
007 426155
008 080513s2001 sp| |||| 000 1 spa
015 _a
017 _a
_b
020 _a8478884955
035 _a
040 _aBPSMU
_bspa
_cBPMSU
_e
080 _a
082 _a823.91
_bR884H, 2001
_222
100 1 _aRowling, J. K.
_d1965-
245 1 0 _aHarry Potter y la cámara secreta /
_h
_cRowling ; traducción, Adolfo Muñoz García y Nieves Martín Azofra
250 _a24ª ed.
260 _aBarcelona :
_bSalamandra,
_c2001
300 _a286 p.;
_c22 cm
490 0 _aHarry Potter
_v2
534 _aTítulo origienal :
_tHarry Potter and the chamber of secrets
590 _6Inventariado, 2023/VM
650 4 _aNovela juvenil inglesa
650 4 _aMagia
_vNovela
700 1 _aMuñoz, Adolfo
_etr.
700 1 _a Martín Azofra, Nieves,
_etr.
910 _aVMateo V. Control de calidad (BPMSU)
942 _2ddc
_cBK
999 _c10962
_d10962